Máy tính cấu trúc và lập trình. t.II /

Enregistré dans:
Détails bibliographiques
Auteur principal: Nguyễn Tăng Cường
Autres auteurs: Phan Quốc Thắng, Vũ Hữu Nghị
Format: Sách giấy
Langue:Vietnamese
Publié: H. : Khoa học và Kỹ thuật, 2004
Sujets:
Tags: Ajouter un tag
Pas de tags, Soyez le premier à ajouter un tag!
Thư viện lưu trữ: Thư viện Trường Đại học Đà Lạt
LEADER 00910nam a2200349 4500
001 DLU040029111
005 ##20040914
040 # # |a DLU  |b vie 
041 # # |a vie 
044 # # |a vn 
082 # # |a 005.1  |b NG-C 
100 # # |a Nguyễn Tăng Cường 
245 # # |a Máy tính cấu trúc và lập trình.  |n t.II /  |c Nguyễn Tăng Cường, Phan Quốc Thắng, Vũ Hữu Nghị 
260 # # |a H. :  |b Khoa học và Kỹ thuật,  |c 2004 
300 # # |a 320 tr. ;  |c 27 cm 
504 # # |a Tài liệu tham khảo :tr.319 
653 # # |a Cấu trúc 
653 # # |a Giáo trình 
653 # # |a Máy vi tính 
700 # # |a Phan Quốc Thắng 
700 # # |a Vũ Hữu Nghị 
923 # # |a 21/2004 
990 # # |a t.II 
992 # # |a 51.000 
994 # # |a DLU 
900 # # |a True 
911 # # |a Đào Thị Thu Huyền 
925 # # |a G 
926 # # |a A 
927 # # |a SH 
980 # # |a Thư viện Trường Đại học Đà Lạt